<?xml version="1.0" encoding="UTF-8"?>
<record
    xmlns:xsi="http://www.w3.org/2001/XMLSchema-instance"
    xsi:schemaLocation="http://www.loc.gov/MARC21/slim http://www.loc.gov/standards/marcxml/schema/MARC21slim.xsd"
    xmlns="http://www.loc.gov/MARC21/slim">

  <leader>00868nam a22002411a 4500</leader>
  <controlfield tag="001">031020173X</controlfield>
  <controlfield tag="001">z031020173X</controlfield>
  <controlfield tag="008">  951228s1996    us a    Wa   0000   eng  </controlfield>
  <datafield tag="020" ind1=" " ind2=" ">
    <subfield code="a">031020173X</subfield>
  </datafield>
  <datafield tag="021" ind1="1" ind2="0">
    <subfield code="a">031020173X</subfield>
    <subfield code="c">hardcover : acid-free paper</subfield>
  </datafield>
  <datafield tag="040" ind1="0" ind2="0">
    <subfield code="a">DLC</subfield>
    <subfield code="c">DLC</subfield>
    <subfield code="d">DLC</subfield>
  </datafield>
  <datafield tag="050" ind1="0" ind2="0">
    <subfield code="a">HF5387</subfield>
  </datafield>
  <datafield tag="082" ind1="0" ind2="0">
    <subfield code="a">HF 5387.B47 1996</subfield>
    <subfield code="b">.4</subfield>
    <subfield code="c">20</subfield>
  </datafield>
  <datafield tag="245" ind1="3" ind2="0">
    <subfield code="a">Beyond integrity</subfield>
    <subfield code="b"> : a Judeo-Christian approach to business ethics</subfield>
    <subfield code="c">[edited by] Scott B. Rae and Kenman L. Wong</subfield>
    <subfield code="e">[edited by] Scott B. Rae and Kenman L. Wong</subfield>
    <subfield code="h">[Text]</subfield>
  </datafield>
  <datafield tag="260" ind1="0" ind2="0">
    <subfield code="a">Grand Rapids, Mich.</subfield>
    <subfield code="b">Zondervan</subfield>
    <subfield code="c">c1996</subfield>
  </datafield>
  <datafield tag="300" ind1="0" ind2="0">
    <subfield code="a">656 p. ill. 25 cm</subfield>
  </datafield>
  <datafield tag="504" ind1="0" ind2="0">
    <subfield code="a">Includes bibliographical references</subfield>
  </datafield>
  <datafield tag="650" ind1="0" ind2="0">
    <subfield code="a">Business ethics.</subfield>
  </datafield>
  <datafield tag="650" ind1="0" ind2="0">
    <subfield code="a">Business</subfield>
    <subfield code="x">Religious aspects</subfield>
    <subfield code="x">Christianity</subfield>
  </datafield>
  <datafield tag="650" ind1="0" ind2="0">
    <subfield code="a">Business</subfield>
    <subfield code="x">Religious aspects</subfield>
    <subfield code="x">Judaism</subfield>
  </datafield>
  <datafield tag="700" ind1="1" ind2="0">
    <subfield code="a">Rae,</subfield>
    <subfield code="h">Scott B</subfield>
  </datafield>
  <datafield tag="700" ind1="1" ind2="0">
    <subfield code="a">Wong,</subfield>
    <subfield code="h">Kenman L</subfield>
    <subfield code="c">1964-</subfield>
  </datafield>
  <datafield tag="999" ind1=" " ind2=" ">
    <subfield code="c">32247</subfield>
    <subfield code="d">32247</subfield>
  </datafield>
  <datafield tag="952" ind1=" " ind2=" ">
    <subfield code="0">0</subfield>
    <subfield code="1">0</subfield>
    <subfield code="2">lcc</subfield>
    <subfield code="4">0</subfield>
    <subfield code="7">0</subfield>
    <subfield code="8">GEN</subfield>
    <subfield code="a">CPL</subfield>
    <subfield code="b">CPL</subfield>
    <subfield code="c">GEN</subfield>
    <subfield code="d">2010-02-24</subfield>
    <subfield code="g">35.00</subfield>
    <subfield code="l">0</subfield>
    <subfield code="o">HF 5387.B47 1996</subfield>
    <subfield code="p">R542913232</subfield>
    <subfield code="r">2010-02-24 00:00:00</subfield>
    <subfield code="t">1</subfield>
    <subfield code="w">2010-02-24</subfield>
    <subfield code="y">BK</subfield>
  </datafield>
  <datafield tag="952" ind1=" " ind2=" ">
    <subfield code="0">0</subfield>
    <subfield code="1">0</subfield>
    <subfield code="2">lcc</subfield>
    <subfield code="4">0</subfield>
    <subfield code="7">0</subfield>
    <subfield code="8">GEN</subfield>
    <subfield code="a">FRL</subfield>
    <subfield code="b">FRL</subfield>
    <subfield code="c">GEN</subfield>
    <subfield code="d">2015-01-15</subfield>
    <subfield code="e">Through TBN</subfield>
    <subfield code="g">30.00</subfield>
    <subfield code="l">0</subfield>
    <subfield code="o">HF 5387 .B47 1996</subfield>
    <subfield code="p">R31864J3232</subfield>
    <subfield code="r">2019-09-26 00:00:00</subfield>
    <subfield code="t">2</subfield>
    <subfield code="w">2015-01-15</subfield>
    <subfield code="y">BK</subfield>
  </datafield>
</record>
